000 01103nam a22003497a 4500
001 0049023
003 KOHA_MİRAKIL
005 20260207003636.0
007 ta
008 160104b2013 tu |||gr||||#||||1|tur |
020 _a9786054715978
040 _aTR-BiSEU
_btur
_cTR-BiSEU
_erda
041 0 _atur
044 _ctu
050 _aPL119
_b.B33 2013
100 1 _aBabacan, Hasan.
245 1 _aOsmanlı Türkçesi dersleri/
_cHasan Babacan ; Hasan Babacan, Orhan Sakin, Servet Avşar.
264 1 _aAnkara :
_bAltınpost
_c2013
300 _a384 sayfa 25 cm.
336 _ametin
_btxt
_2rdacontent
337 _aaracısız
_bn
_2rdamedia
338 _acilt
_bnc
_2rdacarrier
490 1 _aAltınpost Yayınları ;
_v151.
490 1 _aDers Kitabı ;
_v35.
650 0 _aTurkish language--Grammar.
_91903
650 0 _aTurkish language--Study and teaching.
_99665
650 0 _aTurkish language--Foreign elements.
_99664
650 0 _aTurkish language--Readers
_929954
830 1 _aAltınpost Yayınları ;
_v151.
_989949
830 1 _aDers Kitabı ;
_v35.
_97455
942 _2lcc
_cBK
999 _c48862
_d48862